| 000 | 00564nam a2200193 a 4500 | ||
|---|---|---|---|
| 005 | 20220811063951.0 | ||
| 008 | 050215s1982 000 eng d | ||
| 020 | _a9500820730 | ||
| 035 | _aUPN01000138735 | ||
| 049 | _aCG | ||
| 050 | 4 |
_aHV40 _bA4.5 |
|
| 100 | 1 |
_aAlayón, Norberto Ricardo, _d1945- _930351 |
|
| 245 | 1 | 4 |
_aLas escuelas de trabajo social en América Latina / _cNorberto Alayón. |
| 260 |
_aBuenos Aires : _bHvmanitas, _c1982. |
||
| 300 |
_a126 p. : _bcuadros |
||
| 440 | 0 | _aDesarrollo social | |
| 650 | 4 |
_aTrabajo social _96125 |
|
| 905 | _aLibro | ||
| 999 |
_c110883 _d110883 |
||